Rasgos de ingenio de Jacinto Benavente / (Record no. 187833)

MARC details
000 -LEADER
campo de control de longitud fija 01223nam a2200253 i 4500
001 - NÚMERO DE CONTROL
campo de control 187833
003 - IDENTIFICADOR DE NÚMERO DE CONTROL
campo de control SpMaBN
005 - FECHA Y HORA DE LA ÚLTIMA TRANSACCIÓN
campo de control 20260304135642.0
008 - DATOS DE LONGITUD FIJA--INFORMACIÓN GENERAL
campo de control de longitud fija 180312q1921 sp a |||| |dspa d
100 1# - ENTRADA PRINCIPAL--NOMBRE DE PERSONA
Nombre de persona Gil de Oto, Manuel,
Fechas asociadas al nombre 1870-1937
9 (RLIN) 164366
245 10 - MENCIÓN DEL TÍTULO
Título Rasgos de ingenio de Jacinto Benavente /
Mención de responsabilidad, etc. dedicatoria, apuntes para un retrato de Jacinto Benavente, recopilación, advertencias, aclaraciones y notas de Manuel Gil de Oto [seud.] ; portada de Ángel Femenía ; caricaturas y apuntes de Longoria y de Juliá.
260 ## - PUBLICACIÓN, DISTRIBUCIÓN, ETC.
Lugar de publicación, distribución, etc. Barcelona :
Nombre del editor, distribuidor, etc. Publicaciones Mundial,
Fecha de publicación, distribución, etc. [1921]
300 ## - DESCRIPCIÓN FÍSICA
Extensión 122 p. :
Otras características físicas il. ;
Dimensiones 17 cm.
530 ## - NOTA DISPONIBLE DE FORMULARIO FÍSICO ADICIONAL
Nota de formato físico adicional disponible Disponible en formato digital.
594 ## - Nota al título y mención de responsabilidad
Nota al título y mención de responsabilidad Manuel Gil de Oto es seudónimo de Miguel Toledano y Escalante.
599 ## - NOTA A LAS ILUSTRACIONES
NOTA A LAS ILUSTRACIONES En cub.: caricatura a col. de Jacinto Benavente, por Á. Femenía.
600 14 - PUNTO DE ACCESO ADICIONAL DE MATERIA--NOMBRE DE PERSONA
Nombre de persona Benavente, Jacinto,
Fechas asociadas al nombre 1866-1954
9 (RLIN) 27443
700 1# - ENTRADA AGREGADA--NOMBRE PERSONAL
Nombre de persona Femenía, Ángel,
Fechas asociadas al nombre 1872-
9 (RLIN) 164367
700 1# - ENTRADA AGREGADA--NOMBRE PERSONAL
Nombre de persona Longoria, José.
9 (RLIN) 164368
852 ## - LOCALIZACIÓN
Ubicación ES-MaACL
Número de control de estantería L-31897
Ubicación en estantería Depósito 2
Donativo/Legado Donante: herederos de la biblioteca de Mª del Pilar Costa Palacín
856 4# - LOCALIZACIÓN Y ACCESO ELECTRÓNICOS
Identificador Uniforme de Recursos <a href="https://archive.org/details/rasgosdeingeniod00gild ">https://archive.org/details/rasgosdeingeniod00gild </a>
Texto de enlace Internet Archive
942 ## - ELEMENTOS DE ENTRADA SECUNDARIOS (KOHA)
Fuente del sistema de clasificación o colocación Clasificación decimal universal
Holdings
Estatus retirado Estado de pérdida Estado de daño No para préstamo Colección Biblioteca de origen Biblioteca actual Ubicación en estantería Fecha de adquisición Fuente de adquisición Total de préstamos Signatura topográfica completa Código de barras Visto por última vez Precio de reemplazo Tipo de ítem Koha
        Colección digital Biblioteca del Ateneo de Madrid Biblioteca del Ateneo de Madrid Depósito 2 12/03/2018     L-31897 1198466 23/02/2023 23/02/2023 Libro impreso